LEADER 01161nam a2200229 i 4500 001 000000033796 003 CaOOAMICUS 005 20180830125450.0 008 180830s1988 it u000 u ita u 040 $aSeMil$bita 100 1 $aSpicq, Ceslas,$c.$0(OLS)http://semarc/name/600 240 10$aNotes de Lexicographie néo-testamentaire.$0(OLS)http://semarc/title/402289 245 10$aNote di lessicografia neotestamentaria /$cCeslas Spicq ; edizione italiana a cura di Franco Luigi Viero. 260 $aBrescia :$bPaideia,$c1988-1994. 300 $a2 v. 650 4$aBibbia - Lessico - NT.$0(OLS)http://semarc/subject/7378 700 1 $aViero, Franco Luigi <1950- >.$0(OLS)http://semarc/name/89133 773 0 $tSupplementi al Grande lessico del Nuovo Testamento.$dBrescia : Paideia, 1968.$w()33795 774 0 $t[A-K].$kSupplementi al Grande lessico del Nuovo Testamento$z88-394-0408-2$g1$w()255926 774 0 $t[L-Ps].$kSupplementi al Grande lessico del Nuovo Testamento$z88-394-0514-3$g2$w()255927 996 $6245$aNote di lessicografia neotestamentaria$9(OLS)http://semarc/title/1119 996 $6260$aBrescia :$bPaideia$9(OLS)http://semarc/publisher/29614 LEADER 01052nam a2200241 i 4500 001 000000039393 003 CaOOAMICUS 005 20220325161749.0 008 120914s1984 it u000 u ita u 013 $a10128 040 $aSeMil$bita 100 1 $aBaj, Steno.$0(OLS)http://semarc/name/19095 245 13$aLa chiesa di Santa Maria di Campagna di Ligurno e Cantello :$bstoria di un restauro, 1971-1974 /$cSteno Baj. 264 1$aMilano :$b[s.n.],$c1984. 300 $a67 p. :$bill. ;$c24 cm. 650 4$aCantello - Chiese - Santa Maria in Campagna.$0(OLS)http://semarc/subject/51970 650 4$aCantello - Ligurno.$0(OLS)http://semarc/subject/51967 850 $aSeMil 852 $aSeMil$W1$xVenegono$y1$m3P II 192$j5548$B5548$CSeMilBibl$Z2$F5548 $81 961 $aOmaggio: Donazione. -- Con dedica 996 $6245$aLa chiesa di Santa Maria di Campagna di Ligurno e Cantello :$bstoria di un restauro, 1971-1974$9(OLS)http://semarc/title/56071 996 $6264$aMilano :$b[s.n.]$9(OLS)http://semarc/publisher/29709